Statistics for Cinematic Martial Artists #1

Click here to take the quiz!

General Stats

  • This quiz has been taken 21 times
  • The average score is 8 of 20

Answer Stats

Answer% Correct
Bruce Lee
100%
Jackie Chan
100%
Jean-Claude Van Damme
82%
Jet Li
82%
Chuck Norris
76%
Jason Statham
76%
Steven Seagal
76%
Wesley Snipes
47%
Donnie Yen
41%
Sammo Hung
29%
Scott Adkins
24%
Bolo Yeung
18%
Tony Jaa
18%
Michael Jai White
12%
Ray Park
12%
Sonny Chiba
12%
Benny "The Jet" Urquidez
6%
Iko Uwais
6%
Mark Dacascos
0%
Michael Dudikoff
0%

Score Distribution

Percentile by Number Answered

Percent of People with Each Score

Your Score History

You have not taken this quiz